000 00602nam a2200205 a 4500
005 20210219153055.0
008 991125n 000 0 u
035 _aUPN01000076426
100 _aNorton, Donna E.
222 _aREADING TEACHER
245 _aEngaging children in literature : Circa 1492 and the integration of literature, reading, and geography
300 _a610-614
362 _a46, No. 7, 1993
505 _aAgosto 1993
653 0 _aACTIVIDADES INTEGRALES
653 0 _aINSTRUCCION GEOGRAFICA
653 0 _aLITERATURA INFANTIL
904 _aAC
_b014237
905 _aArticulo
999 _c67775
_d67775